Technológia PDMark
Salvato in:
| Autore principale: | |
|---|---|
| Altri autori: | |
| Natura: | Manoscritto Libro |
| Lingua: | slovacco |
| Pubblicazione: |
Bratislava :
STU v Bratislave FIIT,
2010
|
| Soggetti: | |
| Accesso online: | VAIS |
| Tags: |
Nessun Tag, puoi essere il primo ad aggiungerne!!
|
MARC
| LEADER | 00000ntm a22000003a 4500 | ||
|---|---|---|---|
| 001 | stu220637 | ||
| 005 | 20180221165846.5 | ||
| 008 | 110128s2010----xo------------------slo-d | ||
| 040 | |a STU |b slo | ||
| 041 | 0 | |a slo | |
| 044 | |a xo | ||
| 100 | 1 | |a Džačovský, Marcel, |d 1987- |4 aut |u I |T FIIT Fakulta informatiky a informačných technológií |X 36735 |U I |Y 70 |7 A000036735 | |
| 242 | 0 | 0 | |a The PDMark technology |y eng |
| 245 | 1 | |a Technológia PDMark | |
| 260 | |a Bratislava : |b STU v Bratislave FIIT, |c 2010 | ||
| 650 | 7 | |a informatika |2 stusub | |
| 650 | 7 | |a Informatics |2 estusub | |
| 650 | 7 | |a digitalizácia |2 stusub | |
| 650 | 7 | |a kódovanie |2 stusub | |
| 650 | 7 | |a papier |2 stusub | |
| 650 | 7 | |a paper |2 estusub | |
| 650 | 7 | |a coding |2 estusub | |
| 700 | 1 | |a Doričová, Katarína, |d 1- |4 ths |X 55546 |7 A000055546 | |
| 856 | 4 | |a info a plný text |u http://is.stuba.sk/zp/portal_zp.pl?podrobnosti=22769 |3 VAIS | |
| 996 | |c I*BAP37/10 |l II680 |s P |a 0 |w stu220637_0001 | ||